<?xml version="1.0" encoding="UTF-8"?>
<record
    xmlns:xsi="http://www.w3.org/2001/XMLSchema-instance"
    xsi:schemaLocation="http://www.loc.gov/MARC21/slim http://www.loc.gov/standards/marcxml/schema/MARC21slim.xsd"
    xmlns="http://www.loc.gov/MARC21/slim">

  <leader>02667nam a22004697a 4500</leader>
  <controlfield tag="008">140202b        ck ||||| |||| 00| 0 spa d</controlfield>
  <datafield tag="020" ind1=" " ind2=" ">
    <subfield code="a">987-545-067-7</subfield>
  </datafield>
  <datafield tag="082" ind1="0" ind2="4">
    <subfield code="a">302.2 / O99r</subfield>
  </datafield>
  <datafield tag="100" ind1="1" ind2=" ">
    <subfield code="a">Orozco G&#xF3;mez, Guillermo</subfield>
    <subfield code="9">71461</subfield>
  </datafield>
  <datafield tag="245" ind1="1" ind2="0">
    <subfield code="a">Recepci&#xF3;n y mediaciones : casos de investigaci&#xF3;n en Am&#xE9;rica Latina / Coordinador Guillermo Or&#xF3;zco G&#xF3;mez ...</subfield>
  </datafield>
  <datafield tag="245" ind1="1" ind2="0">
    <subfield code="a">[et al.]</subfield>
  </datafield>
  <datafield tag="264" ind1=" " ind2=" ">
    <subfield code="a">Buenos Aires : Norma, 2002</subfield>
  </datafield>
  <datafield tag="300" ind1=" " ind2=" ">
    <subfield code="a">162 p. ; 18 cm.</subfield>
  </datafield>
  <datafield tag="490" ind1="0" ind2=" ">
    <subfield code="a">Enciclopedia Latinoamericana de Sociocultura y Comunicaci&#xF3;n</subfield>
    <subfield code="v">No. 20</subfield>
    <subfield code="9">96740</subfield>
  </datafield>
  <datafield tag="505" ind1="0" ind2="0">
    <subfield code="a">Traves&#xED;as de la recepci&#xF3;n en Am&#xE9;rica Latina / Guillermo Orozco -- Historia de familia y etnograf&#xED;a,</subfield>
  </datafield>
  <datafield tag="505" ind1="0" ind2="0">
    <subfield code="a">procedimientos metodol&#xF3;gicos para un an&#xE1;lisis integrado / Nilda Jacks -- Mediaciones y poder / Inesita Ara&#xFA;jo</subfield>
  </datafield>
  <datafield tag="505" ind1="0" ind2="0">
    <subfield code="a">-- El discurso amoroso: un escenario para estudiar la recepci&#xF3;n / Sarah Corona -- Hablar de los hablantes:</subfield>
  </datafield>
  <datafield tag="505" ind1="0" ind2="0">
    <subfield code="a">aproximaci&#xF3;n al discurso de la prensa escrita mexicana acerca del talk show / Martha Renero -- La construcci&#xF3;n</subfield>
  </datafield>
  <datafield tag="505" ind1="0" ind2="0">
    <subfield code="a">del p&#xFA;blico desde el pensamiento nacional en la Argentina. La revista Crisis, un estudio de caso / Florencia</subfield>
  </datafield>
  <datafield tag="505" ind1="0" ind2="0">
    <subfield code="a">Saintout -- Estrategia de comunicaci&#xF3;n: una mirada comunicacional para la investigaci&#xF3;n sociocultural / Sandra</subfield>
  </datafield>
  <datafield tag="505" ind1="0" ind2="0">
    <subfield code="a">H. Massoni -- La cultura pol&#xED;tica desde la recepci&#xF3;n: algunas notas te&#xF3;rico-metodol&#xF3;gicas / Jorge Calles.</subfield>
  </datafield>
  <datafield tag="520" ind1=" " ind2=" ">
    <subfield code="a">Dice Guillermo Orozco G&#xF3;mez: Este libro re&#xFA;ne corrientes, intereses y &#xE1;mbitos de investigaci&#xF3;n diversos,</subfield>
  </datafield>
  <datafield tag="520" ind1=" " ind2=" ">
    <subfield code="a">unidos por la convicci&#xF3;n de que los procesos comunicativos a distintos niveles -y las interacciones medi&#xE1;ticas</subfield>
  </datafield>
  <datafield tag="520" ind1=" " ind2=" ">
    <subfield code="a">en particular- son un campo f&#xE9;rtil y necesario de exploraci&#xF3;n de los sujetos sociales contempor&#xE1;neos. La</subfield>
  </datafield>
  <datafield tag="520" ind1=" " ind2=" ">
    <subfield code="a">recepci&#xF3;n en estas p&#xE1;ginas es entendida en un sentido amplio en el que tiene cabida desde la t&#xED;pica percepci&#xF3;n</subfield>
  </datafield>
  <datafield tag="520" ind1=" " ind2=" ">
    <subfield code="a">de un programa, hasta la negociaci&#xF3;n y resistencia de los habitantes de una regi&#xF3;n particular frente a la</subfield>
  </datafield>
  <datafield tag="520" ind1=" " ind2=" ">
    <subfield code="a">informaci&#xF3;n que emana del poder.</subfield>
  </datafield>
  <datafield tag="521" ind1=" " ind2=" ">
    <subfield code="a">1 ej.</subfield>
  </datafield>
  <datafield tag="590" ind1=" " ind2=" ">
    <subfield code="a">Bibliograf&#xED;a p. 153-162</subfield>
  </datafield>
  <datafield tag="650" ind1="1" ind2="4">
    <subfield code="a">Sociologia de la cultura</subfield>
    <subfield code="9">132233</subfield>
  </datafield>
  <datafield tag="650" ind1="1" ind2="4">
    <subfield code="a">Comunicacion social</subfield>
    <subfield code="9">104101</subfield>
  </datafield>
  <datafield tag="650" ind1="1" ind2="4">
    <subfield code="a">Cultura politica</subfield>
    <subfield code="9">105595</subfield>
  </datafield>
  <datafield tag="650" ind1="1" ind2="4">
    <subfield code="a">Medios de comunicacion</subfield>
    <subfield code="9">116128</subfield>
  </datafield>
  <datafield tag="650" ind1="1" ind2="4">
    <subfield code="a">Fondo ciencias sociales</subfield>
    <subfield code="9">110921</subfield>
  </datafield>
  <datafield tag="700" ind1="1" ind2=" ">
    <subfield code="a">Jacks, Nilda</subfield>
    <subfield code="9">51087</subfield>
  </datafield>
  <datafield tag="700" ind1="1" ind2=" ">
    <subfield code="a">Ara&#xFA;jo, Inesita</subfield>
    <subfield code="9">27946</subfield>
  </datafield>
  <datafield tag="700" ind1="1" ind2=" ">
    <subfield code="a">Corona, Sarah</subfield>
    <subfield code="9">37929</subfield>
  </datafield>
  <datafield tag="700" ind1="1" ind2=" ">
    <subfield code="a">Renero, Martha</subfield>
    <subfield code="9">77745</subfield>
  </datafield>
  <datafield tag="700" ind1="1" ind2=" ">
    <subfield code="a">Saintout, Florencia</subfield>
    <subfield code="9">81377</subfield>
  </datafield>
  <datafield tag="700" ind1="1" ind2=" ">
    <subfield code="a">Massoni, Sandra H.</subfield>
    <subfield code="9">65838</subfield>
  </datafield>
  <datafield tag="700" ind1="1" ind2=" ">
    <subfield code="a">Calles, Jorge</subfield>
    <subfield code="9">33784</subfield>
  </datafield>
  <datafield tag="999" ind1=" " ind2=" ">
    <subfield code="c">21088</subfield>
    <subfield code="d">21088</subfield>
  </datafield>
</record>
